Les médailles d'argile (Record no. 125953)

MARC details
000 -LEADER
campo de control de longitud fija 00517nam a2200181 4500
001 - NÚMERO DE CONTROL
campo de control 125953
003 - IDENTIFICADOR DE NÚMERO DE CONTROL
campo de control ES-MaACL
005 - FECHA Y HORA DE LA ÚLTIMA TRANSACCIÓN
campo de control 20250801063036.0
007 - CAMPO FIJO DE DESCRIPCIÓN FÍSICA--INFORMACIÓN GENERAL
campo de control de longitud fija t|
008 - DATOS DE LONGITUD FIJA--INFORMACIÓN GENERAL
campo de control de longitud fija 070214s1918 fr r ||||1| fre d
100 1# - ENTRADA PRINCIPAL--NOMBRE DE PERSONA
Nombre de persona Régnier, Henri de,
Fechas asociadas al nombre 1864-1936
9 (RLIN) 95907
245 14 - MENCIÓN DEL TÍTULO
Título Les médailles d'argile
Resto del título : poèmes /
Mención de responsabilidad, etc. Henri de Régnier.
250 ## - MENCION DE EDICION
Mención de edición 17ème éd.
260 ## - PUBLICACIÓN, DISTRIBUCIÓN, ETC.
Lugar de publicación, distribución, etc. Paris :
Nombre del editor, distribuidor, etc. Mercure de France,
Fecha de publicación, distribución, etc. 1918.
300 ## - DESCRIPCIÓN FÍSICA
Extensión 252 p. ;
Dimensiones 19 x 12 cm.
852 ## - LOCALIZACIÓN
Ubicación ES-MaACL
Número de control de estantería G-8530
Holdings
Estatus retirado Estado de pérdida Estado de daño No para préstamo Biblioteca de origen Biblioteca actual Ubicación en estantería Fecha de adquisición Fuente de adquisición Total de préstamos Signatura topográfica completa Código de barras Visto por última vez Precio de reemplazo Tipo de ítem Koha
        Biblioteca del Ateneo de Madrid Biblioteca del Ateneo de Madrid Sala Pecera Planta 3 17/01/2008     G-8530 1131200 23/02/2023 23/02/2023 Libro impreso